| 000 | 00549nam a2200193 i 4500 | ||
|---|---|---|---|
| 001 | 55858 | ||
| 003 | ES-MaACL | ||
| 005 | 20230906163230.0 | ||
| 007 | t| | ||
| 008 | 030929s1971 sp ||||1| spa d | ||
| 100 | 1 |
_aDíaz, Joaquín. _944129 |
|
| 245 | 1 | 0 |
_aPalabras ocultas en la canción folklórica / _cJoaquín Díaz. |
| 260 |
_a[Madrid : _bTaurus, _c1971] |
||
| 300 |
_a142 p. ; _c18 cm. |
||
| 490 | 1 |
_aCuadernos Taurus ; _v108 |
|
| 830 | 0 |
_aCuadernos Taurus ; _v108 _9180748 |
|
| 852 |
_aES-MaACL _jC-45379 _bR.79321 |
||
| 999 |
_c55858 _d55858 |
||